| 000 | 01479cam0 2200373 ib4500 | ||
|---|---|---|---|
| 001 | BY-MI0021-br791541 | ||
| 005 | 20260326120129.0 | ||
| 010 | ^bв переплете | ||
| 100 | ^a20260318d1979 c y0rusy50 ca | ||
| 101 | 0 | ^arus | |
| 102 | ^aRU | ||
| 105 | ^aa z 000zy | ||
| 109 | ^ama | ||
| 181 | ^ai2 | ||
| 182 | ^an | ||
| 200 | 1 |
^aБасни ^e[для младшего школьного возраста] ^fИ. А. Крылов ^gрисунки М. Скобелева |
|
| 203 |
^aТекст ^cнепосредственно |
||
| 210 |
^aМосква ^cМалыш ^d1979 |
||
| 215 |
^a77, [2] с. ^cил., цв. ил. ^d27 см |
||
| 345 | ^a75000 экз. | ||
| 606 |
^aХУДОЖЕСТВЕННАЯ ЛИТЕРАТУРА ^2DVNLB ^3BY-NLB-ar37179 |
||
| 606 |
^aРУССКАЯ ЛИТЕРАТУРА ^2DVNLB ^3BY-NLB-ar28702 |
||
| 608 |
^aДЕТСКАЯ И ЮНОШЕСКАЯ ЛИТЕРАТУРА (художеств. произведение) ^2BYGNR ^3BY-NLB-ar9019 |
||
| 608 |
^aБАСНЯ ^2BYGNR ^3BY-NLB-ar2157876 |
||
| 686 |
^a84(2=411.2)5 ^2rubbk |
||
| 690 |
^2Base ^9BY-MI0021 ^a1 ^xRSEK |
||
| 700 | 1 |
^aКрылов ^bИ. А. ^gИван Андреевич ^cписатель ^f1769—1844 ^3BY-NLB-ar95768 |
|
| 702 | 1 |
^aСкобелев ^bМ. ^3BY-SEK-253601 ^4440 |
|
| 801 | 0 |
^aBY ^bBY-MI0021 ^c20210628 ^gRCR |
|
| 035 | ^a(BY-MI0021)BY-MI0021-br791541 | ||
| 899 | 0 |
^aBY-MI0021 ^iК 85 ^h84(2=411.2)5 |
|